Statistics for Region-Locked Amiibo

Click here to take the quiz!

General Stats

  • This quiz has been taken 2 times
  • The average score is 16 of 23

Answer Stats

SeriesNot Available InAmiibo% Correct
BOXBOY!North America & Australia & EuropeQbby
100%
Shovel KnightJapan & AustraliaPlague Knight
100%
Super MarioJapan & EuropeMario-Silver Edition
100%
Super MarioEuropeMario-Gold Edition
100%
Skylanders (SuperChargers)JapanDark Turbo Charge Donkey Kong
100%
Skylanders (SuperChargers)JapanDark Hammer Slam Bowser
100%
Skylanders (SuperChargers)JapanTurbo Charge Donkey Kong
100%
Skylanders (SuperChargers)JapanHammer Slam Bowser
100%
Shovel KnightJapan & AustraliaShovel Knight-Gold Edition
100%
Shovel KnightJapan & AustraliaKing Knight
100%
Super Smash Bros.Japan & Australia & EuropeMega Man-Gold Edition
100%
Monster Hunter (Stories)North America & Australia & EuropeOne-Eyed Rathalos And Rider-Female
100%
Monster Hunter (Stories)North America & Australia & EuropeOne-Eyed Rathalos And Rider-Male
100%
Mega ManAustralia & EuropeMega Man
100%
DiabloJapanLoot Goblin
50%
Shovel KnightJapan & AustraliaSpecter Knight
50%
Monster Hunter (Rise)AustraliaMagnamalo
50%
Monster Hunter (Stories)North America & Australia & EuropeBarioth And Ayuria
0%
Monster Hunter (Stories)North America & Australia & EuropeRathian And Cheval
0%
Monster Hunter (Stories)North America & Australia & EuropeNavirou
0%
Monster Hunter (Rise)AustraliaPalico
0%
Monster Hunter (Rise)AustraliaPalamute
0%
Monster Hunter (Stories)North America & Australia & EuropeQurupeco And Dan
0%

Score Distribution

Percentile by Number Answered

Percent of People with Each Score

Your Score History

You have not taken this quiz